[Event "SM-2020-0-00418"]
[Site "LSS email"]
[Date "2020.01.17"]
[Round "?"]
[White "Kopasov, Evgeny Aleksandrovi"]
[Black "Koch, Christian"]
[Result "1/2-1/2"]
[WhiteElo "2238"]
[BlackElo "2347"]
[PlyCount "74"]
[EventDate "2020.01.17"]
[EventType "tourn (corr)"]
[EventRounds "6"]
[EventCountry "GER"]
[SourceTitle "Corr 2022"]
[Source "ChessBase"]
[SourceDate "2021.10.24"]
[SourceVersion "1"]
[SourceVersionDate "2021.10.24"]
[SourceQuality "1"]

1. d4 d5 2. c4 c6 3. Nc3 Nf6 4. e3 e6 5. Nf3 Nbd7 6. Qc2 Bd6 7. Bd3 0-0 8. 0-0 dxc4 9. Bxc4 b5 10. Be2 Bb7 11. e4 e5 12. dxe5 Nxe5 13. Nd4 Neg4 14. g3 Re8 15. Nf5 Bc5 16. Bf4 Qb6 17. Kg2 g6 18. h3 gxf5 19. hxg4 Nxe4 20. gxf5 Nxc3 21. bxc3 Bf8 22. f3 c5 23. Rab1 b4 24. Rh1 Ba6 25. c4 Bb7 26. g4 Rad8 27. Rbd1 Rxd1 28. Bxd1 Qf6 29. Qd2 Bg7 30. Kg3 Qd4 31. Qxd4 Bxd4 32. g5 h6 33. Rxh6 Re1 34. Bc2 Rg1+ 35. Kh3 Rh1+ 36. Kg4 Rg1+ 37. Kh3 Rh1+ 1/2-1/2

[Event "CP-2018-Q-00008"]
[Site "LSS email"]
[Date "2018.11.28"]
[Round "?"]
[White "Kopasov, Evgeny Aleksandrovi"]
[Black "Herzog, Agnes"]
[Result "1-0"]
[WhiteElo "2228"]
[BlackElo "1886"]
[PlyCount "83"]
[EventDate "2018.12.01"]
[EventType "tourn (corr)"]
[EventRounds "6"]
[EventCountry "GER"]
[SourceTitle "Corr 2022"]
[Source "ChessBase"]
[SourceDate "2021.10.24"]
[SourceVersion "1"]
[SourceVersionDate "2021.10.24"]
[SourceQuality "1"]

1. d4 Nf6 2. c4 g6 3. Nc3 Bg7 4. e4 0-0 5. Nf3 d6 6. Be2 Na6 7. Bg5 h6 8. Bh4 g5 9. Bg3 Nh5 10. Qd2 e5 11. dxe5 Nxg3 12. hxg3 dxe5 13. 0-0-0 Qxd2+ 14. Nxd2 c6 15. Nf1 Be6 16. Ne3 Kh7 17. Bg4 Bxg4 18. Nxg4 Rfd8 19. Ne3 Kg6 20. g4 Nb4 21. a3 Nd3+ 22. Kc2 Nf4 23. b4 b6 24. a4 Ne6 25. Rxd8 Rxd8 26. b5 Nd4+ 27. Kb2 Rd7 28. Nf5 Rc7 29. bxc6 Nxc6 30. Nd5 Rb7 31. Nxg7 Kxg7 32. Kc3 Rb8 33. Ne3 Nd4 34. Nf5+ Nxf5 35. gxf5 Rc8 36. g4 Rc6 37. f3 Rd6 38. a5 Kf8 39. Kb4 Ke7 40. axb6 Rxb6+ 41. Kc5 Ra6 42. Rb1 1-0

[Event "CP-2018-Q-00008"]
[Site "LSS email"]
[Date "2018.11.28"]
[Round "?"]
[White "Osipov, AleksNdr"]
[Black "Kopasov, Evgeny Aleksandrovi"]
[Result "1/2-1/2"]
[WhiteElo "2204"]
[BlackElo "2228"]
[PlyCount "63"]
[EventDate "2018.12.01"]
[EventType "tourn (corr)"]
[EventRounds "6"]
[EventCountry "GER"]
[SourceTitle "Corr 2022"]
[Source "ChessBase"]
[SourceDate "2021.10.24"]
[SourceVersion "1"]
[SourceVersionDate "2021.10.24"]
[SourceQuality "1"]

1. d4 d5 2. c4 c6 3. Nc3 Nf6 4. e3 e6 5. Nf3 Nbd7 6. Qc2 Bd6 7. b3 0-0 8. Be2 dxc4 9. bxc4 e5 10. 0-0 Re8 11. Rd1 Qe7 12. Rb1 e4 13. Nd2 Nf8 14. a4 Ng6 15. Rb3 b6 16. a5 bxa5 17. Qa2 Bb4 18. Ba3 h5 19. Qb2 Rb8 20. Rb1 c5 21. dxc5 Rd8 22. Nf1 Qxc5 23. Bxb4 axb4 24. Rxb4 Rxb4 25. Qxb4 Qxb4 26. Rxb4 Bg4 27. Bxg4 hxg4 28. c5 Rc8 29. Nxe4 Nxe4 30. Rxe4 f5 31. Ra4 Rxc5 32. Rxa7 1/2-1/2

[Event "FICGS W-ch st1 g03 email"]
[Site "FICGS email"]
[Date "2018.11.01"]
[Round "1"]
[White "Goldmund, Heike"]
[Black "Kopasov, Evgeny Aleksandrovi"]
[Result "0-1"]
[WhiteElo "1273"]
[BlackElo "2070"]
[PlyCount "64"]
[EventDate "2018.??.??"]
[EventType "tourn (corr)"]
[EventRounds "8"]
[SourceTitle "Corr 2022"]
[Source "ChessBase"]
[SourceDate "2021.10.24"]
[SourceVersion "1"]
[SourceVersionDate "2021.10.24"]
[SourceQuality "1"]

1. e4 c5 2. c3 Nf6 3. e5 Nd5 4. Nf3 Nc6 5. d4 cxd4 6. cxd4 d6 7. Bc4 dxe5 8. dxe5 Ndb4 9. 0-0 Qxd1 10. Rxd1 Bg4 11. Bf4 Nc2 12. Nc3 Nxa1 13. Rxa1 Bxf3 14. gxf3 e6 15. Bb5 Rc8 16. Rd1 a6 17. Ba4 Be7 18. Ne4 b5 19. Bb3 Na5 20. Nd2 0-0 21. Be3 Rfd8 22. Bb6 Nxb3 23. Bxd8 Rxd8 24. axb3 Bb4 25. Kf1 Rxd2 26. Rc1 g5 27. Kg2 Rxb2 28. Rc6 a5 29. Rb6 a4 30. bxa4 bxa4 31. Kg3 a3 32. Ra6 a2 0-1

[Event "FICGS W-ch st1 g03 email"]
[Site "FICGS email"]
[Date "2018.11.01"]
[Round "1"]
[White "Kopasov, Evgeny Aleksandrovi"]
[Black "Garcia, Crisol"]
[Result "1-0"]
[WhiteElo "2070"]
[BlackElo "2000"]
[PlyCount "119"]
[EventDate "2018.??.??"]
[EventType "tourn (corr)"]
[EventRounds "8"]
[SourceTitle "Corr 2022"]
[Source "ChessBase"]
[SourceDate "2021.10.24"]
[SourceVersion "1"]
[SourceVersionDate "2021.10.24"]
[SourceQuality "1"]

1. d4 Nf6 2. c4 e6 3. Nf3 b6 4. g3 Ba6 5. Qc2 c5 6. d5 exd5 7. cxd5 Bb7 8. Bg2 Nxd5 9. 0-0 Nc6 10. Rd1 Be7 11. Qa4 Nf6 12. Nh4 Qc8 13. Nf5 Kf8 14. e4 Nd4 15. Nxe7 Kxe7 16. Nc3 Qc6 17. Qc4 Kf8 18. Bf4 h5 19. h4 Re8 20. Rxd4 cxd4 21. Qxd4 Kg8 22. Rd1 d6 23. f3 Nd7 24. Bf1 Ne5 25. Kf2 Qc8 26. Qxd6 Ng6 27. Bb5 Re6 28. Qd4 Nxf4 29. gxf4 Qb8 30. Ke3 Re7 31. f5 f6 32. Qd6 Qxd6 33. Rxd6 Kh7 34. Ne2 a6 35. Bc4 b5 36. Be6 Rc7 37. Nf4 Kh6 38. Ng6 Ra8 39. e5 a5 40. Bd7 Bc8 41. Bxc8 Raxc8 42. Nf4 Rc6 43. Rxc6 Rxc6 44. e6 g5 45. hxg5+ fxg5 46. Nd3 Kg7 47. Ne5 Rc8 48. f4 Kf6 49. Ke4 gxf4 50. Nd7+ Kg5 51. f6 f3 52. Kxf3 Kf5 53. f7 Kxe6 54. f8Q Rxf8+ 55. Nxf8+ Kf7 56. Nd7 Ke6 57. Nc5+ Kd5 58. Nd3 h4 59. Ke3 a4 60. Nf4+ 1-0

[Event "FICGS class A 000195 email"]
[Site "FICGS email"]
[Date "2018.09.09"]
[Round "1"]
[White "Duttagupta, Aniruddha"]
[Black "Kopasov, Evgeny Aleksandrovi"]
[Result "1/2-1/2"]
[WhiteElo "2140"]
[BlackElo "2066"]
[PlyCount "44"]
[EventDate "2018.??.??"]
[EventType "tourn (corr)"]
[EventRounds "6"]
[SourceTitle "Corr 2022"]
[Source "ChessBase"]
[SourceDate "2021.10.24"]
[SourceVersion "1"]
[SourceVersionDate "2021.10.24"]
[SourceQuality "1"]

1. d4 d5 2. Nf3 Nf6 3. e3 Bg4 4. c4 dxc4 5. Bxc4 e6 6. h3 Bh5 7. Nc3 a6 8. g4 Bg6 9. Ne5 Nbd7 10. Nxg6 hxg6 11. Bf1 c6 12. Bg2 Qc7 13. Bd2 Nd5 14. Rc1 Nxc3 15. bxc3 Be7 16. Qe2 e5 17. Rb1 Rd8 18. a4 Rb8 19. 0-0 0-0 20. Rb2 Rfe8 21. Qd3 b5 22. Ra1 Nb6 1/2-1/2

[Event "FICGS rapid A 000222 email"]
[Site "FICGS email"]
[Date "2018.09.09"]
[Round "1"]
[White "Kopasov, Evgeny Aleksandrovi"]
[Black "De la Foret, Fred"]
[Result "1/2-1/2"]
[WhiteElo "2066"]
[BlackElo "2027"]
[PlyCount "47"]
[EventDate "2018.??.??"]
[EventType "tourn (rapid)"]
[EventRounds "6"]
[SourceTitle "Corr 2022"]
[Source "ChessBase"]
[SourceDate "2021.10.24"]
[SourceVersion "1"]
[SourceVersionDate "2021.10.24"]
[SourceQuality "1"]

1. d4 Nf6 2. c4 e6 3. Nc3 d5 4. Bg5 Be7 5. e3 h6 6. Bh4 0-0 7. Nf3 b6 8. Be2 Bb7 9. Bxf6 Bxf6 10. cxd5 exd5 11. b4 Be7 12. Qb3 c6 13. 0-0 b5 14. a4 a6 15. a5 Nd7 16. Nd1 Nf6 17. Nb2 Ne4 18. Nd3 Rc8 19. h3 Re8 20. Nc5 Nxc5 21. bxc5 Rb8 22. Bd3 Qc7 23. Bc2 Bf6 24. Ne1 1/2-1/2

[Event "SA-2018-0-00624"]
[Site "LSS email"]
[Date "2018.02.19"]
[Round "?"]
[White "Kopasov, Evgeny Aleksandrovi"]
[Black "Cleto, Dirceu Jr"]
[Result "1-0"]
[WhiteElo "2201"]
[BlackElo "2219"]
[PlyCount "79"]
[EventDate "2018.01.17"]
[EventType "tourn (corr)"]
[EventRounds "6"]
[EventCountry "GER"]
[SourceTitle "Corr 2022"]
[Source "ChessBase"]
[SourceDate "2021.10.24"]
[SourceVersion "1"]
[SourceVersionDate "2021.10.24"]
[SourceQuality "1"]

1. d4 Nf6 2. c4 d6 3. Nc3 e5 4. Nf3 e4 5. Nd2 Bf5 6. Qb3 Nc6 7. e3 Rb8 8. Qa4 Qd7 9. d5 Ne5 10. Qxa7 Qc8 11. Qa4+ c6 12. b4 Be7 13. Bb2 0-0 14. Qb3 Qd7 15. Be2 h5 16. a4 h4 17. h3 Nd3+ 18. Bxd3 exd3 19. a5 Rfc8 20. e4 Bg6 21. 0-0 cxd5 22. Nxd5 Nxd5 23. exd5 Qf5 24. b5 Re8 25. Rae1 Bh5 26. f3 Qg6 27. Re4 Qh6 28. Qxd3 Bg6 29. c5 dxc5 30. Nc4 Rbd8 31. Qe3 Bxe4 32. Qxh6 gxh6 33. fxe4 Bg5 34. Be5 Rd7 35. b6 f6 36. Bc7 Ra8 37. Kf2 f5 38. Kf3 Kg7 39. Be5+ Kg6 40. Bb2 1-0

[Event "SA-2018-0-00624"]
[Site "LSS email"]
[Date "2018.02.19"]
[Round "?"]
[White "Kopasov, Evgeny Aleksandrovi"]
[Black "Koch, Christian"]
[Result "1/2-1/2"]
[WhiteElo "2201"]
[BlackElo "2265"]
[PlyCount "75"]
[EventDate "2018.01.17"]
[EventType "tourn (corr)"]
[EventRounds "6"]
[EventCountry "GER"]
[SourceTitle "Corr 2022"]
[Source "ChessBase"]
[SourceDate "2021.10.24"]
[SourceVersion "1"]
[SourceVersionDate "2021.10.24"]
[SourceQuality "1"]

1. d4 d5 2. c4 c6 3. Nc3 Nf6 4. e3 e6 5. Nf3 Nbd7 6. Qc2 Bd6 7. Bd3 0-0 8. 0-0 dxc4 9. Bxc4 b5 10. Be2 Bb7 11. Rd1 Qc7 12. e4 e5 13. dxe5 Nxe5 14. Nd4 Neg4 15. Bxg4 Bxh2+ 16. Kf1 Nxg4 17. g3 b4 18. Nd5 Qd7 19. Nxc6 Kh8 20. Nde7 Qe8 21. Bf4 f5 22. exf5 Bxc6 23. Nxc6 Qh5 24. Kg2 Rxf5 25. Qe4 Bxg3 26. fxg3 Qh2+ 27. Kf3 h5 28. Qe2 Qxe2+ 29. Kxe2 Re8+ 30. Kf3 g5 31. Re1 Rxe1 32. Rxe1 gxf4 33. gxf4 a5 34. Re8+ Kg7 35. Re7+ Kh6 36. Ra7 Rc5 37. Ra6 Kg7 38. Nd4 1/2-1/2

[Event "SA-2018-0-00624"]
[Site "LSS email"]
[Date "2018.02.19"]
[Round "?"]
[White "Pilgram, Kurt"]
[Black "Kopasov, Evgeny Aleksandrovi"]
[Result "1/2-1/2"]
[WhiteElo "2056"]
[BlackElo "2201"]
[PlyCount "69"]
[EventDate "2018.01.17"]
[EventType "tourn (corr)"]
[EventRounds "6"]
[EventCountry "GER"]
[SourceTitle "Corr 2022"]
[Source "ChessBase"]
[SourceDate "2021.10.24"]
[SourceVersion "1"]
[SourceVersionDate "2021.10.24"]
[SourceQuality "1"]

1. d4 Nf6 2. c4 e6 3. Nf3 d5 4. Nc3 c6 5. e3 Nbd7 6. Qc2 Bd6 7. b3 0-0 8. Be2 b6 9. 0-0 Bb7 10. Bb2 Qe7 11. a4 a5 12. Rac1 Rfe8 13. Rfd1 Rad8 14. h3 h6 15. Qb1 Bb4 16. Bd3 Rc8 17. Qc2 c5 18. Qe2 cxd4 19. exd4 Nh5 20. Qe3 Bd6 21. Ne2 Red8 22. g3 Nhf6 23. Nc3 Bb4 24. Nb5 Ne4 25. cxd5 exd5 26. Kg2 Qe6 27. Nc7 Qe7 28. Nb5 Qe6 29. Rxc8 Rxc8 30. Ne1 Nf8 31. Nc2 Be7 32. f3 Nd6 33. Qxe6 Nxe6 34. Nc3 Bf6 35. Ne2 1/2-1/2

[Event "SA-2017-0-00604"]
[Site "LSS email"]
[Date "2017.10.31"]
[Round "?"]
[White "Willmann, Bernd"]
[Black "Kopasov, Evgeny Aleksandrovi"]
[Result "1/2-1/2"]
[WhiteElo "2286"]
[BlackElo "2188"]
[PlyCount "66"]
[EventDate "2017.09.30"]
[EventType "tourn (corr)"]
[EventRounds "6"]
[EventCountry "GER"]
[SourceTitle "Corr 2022"]
[Source "ChessBase"]
[SourceDate "2021.10.24"]
[SourceVersion "1"]
[SourceVersionDate "2021.10.24"]
[SourceQuality "1"]

1. e4 c5 2. Nf3 Nc6 3. Bb5 g6 4. 0-0 Bg7 5. Re1 e5 6. Bxc6 dxc6 7. d3 Qe7 8. a4 Nf6 9. Bg5 0-0 10. h3 h6 11. Be3 Nh5 12. Nbd2 Be6 13. b3 Nf4 14. Nc4 Bxc4 15. bxc4 Ne6 16. Qc1 Kh7 17. a5 Rab8 18. Qa3 Rfd8 19. g3 f5 20. exf5 gxf5 21. Bd2 f4 22. Rab1 fxg3 23. fxg3 Rf8 24. Rf1 Rf5 25. Be3 Rbf8 26. Nd2 Nf4 27. Qxc5 Qd7 28. Ne4 Nxd3 29. cxd3 Rxf1+ 30. Rxf1 Rxf1+ 31. Kxf1 Qxd3+ 32. Kf2 Qxe4 33. Qxa7 Qc2+ 1/2-1/2

[Event "ZH-2017-0-01627"]
[Site "LSS email"]
[Date "2017.10.25"]
[Round "?"]
[White "Kopasov, Evgeny Aleksandrovi"]
[Black "Cirulis, Ilmars"]
[Result "1/2-1/2"]
[WhiteElo "2187"]
[BlackElo "2178"]
[PlyCount "63"]
[EventDate "2017.10.15"]
[EventType "match (corr)"]
[EventRounds "2"]
[EventCountry "GER"]
[SourceTitle "Corr 2022"]
[Source "ChessBase"]
[SourceDate "2021.10.24"]
[SourceVersion "1"]
[SourceVersionDate "2021.10.24"]
[SourceQuality "1"]

1. d4 e6 2. c4 b6 3. e4 Bb7 4. Bd3 Bb4+ 5. Bd2 Bxd2+ 6. Qxd2 f5 7. Nc3 Nf6 8. f3 fxe4 9. fxe4 d6 10. Nf3 Nbd7 11. 0-0 0-0 12. Rae1 e5 13. Bc2 exd4 14. Nxd4 Qe7 15. Nd5 Nxd5 16. exd5 Rxf1+ 17. Rxf1 Ne5 18. Nf5 Qf6 19. Qe3 Bc8 20. Nd4 Qe7 21. Bf5 Bxf5 22. Nxf5 Qd7 23. Qf4 Ng6 24. Qg5 Kh8 25. Nd4 Re8 26. Ne6 Kg8 27. b3 b5 28. cxb5 Qxb5 29. h4 Qd7 30. Rf3 Nf8 31. Nd4 h6 32. Qg3 1/2-1/2

[Event "RA-2017-0-00546"]
[Site "LSS email"]
[Date "2017.10.25"]
[Round "?"]
[White "Kopasov, Evgeny Aleksandrovi"]
[Black "Sacerdotali, Sergio"]
[Result "1/2-1/2"]
[WhiteElo "2188"]
[BlackElo "2167"]
[PlyCount "45"]
[EventDate "2017.10.09"]
[EventType "tourn (corr)"]
[EventRounds "6"]
[EventCountry "GER"]
[SourceTitle "Corr 2022"]
[Source "ChessBase"]
[SourceDate "2021.10.24"]
[SourceVersion "1"]
[SourceVersionDate "2021.10.24"]
[SourceQuality "1"]

1. d4 d5 2. Bf4 Nf6 3. e3 c5 4. c3 Nc6 5. Nd2 cxd4 6. exd4 Bg4 7. Qb3 Qc8 8. h3 Bf5 9. Ngf3 e6 10. Nh4 Be4 11. Nxe4 Nxe4 12. Nf3 Bd6 13. Bxd6 Nxd6 14. Bd3 0-0 15. 0-0 Rb8 16. a4 Qc7 17. Qc2 h6 18. Qe2 a6 19. Rfe1 Rfe8 20. Ne5 b5 21. axb5 axb5 22. Ra6 Nxe5 23. Qxe5 1/2-1/2

[Event "RA-2017-0-00546"]
[Site "LSS email"]
[Date "2017.10.25"]
[Round "?"]
[White "Nowak, Ireneusz"]
[Black "Kopasov, Evgeny Aleksandrovi"]
[Result "1/2-1/2"]
[WhiteElo "2139"]
[BlackElo "2188"]
[PlyCount "70"]
[EventDate "2017.10.09"]
[EventType "tourn (corr)"]
[EventRounds "6"]
[EventCountry "GER"]
[SourceTitle "Corr 2022"]
[Source "ChessBase"]
[SourceDate "2021.10.24"]
[SourceVersion "1"]
[SourceVersionDate "2021.10.24"]
[SourceQuality "1"]

1. e4 c5 2. Nf3 Nc6 3. d4 cxd4 4. Nxd4 Nf6 5. Nc3 e5 6. Ndb5 d6 7. Bg5 a6 8. Na3 b5 9. Nd5 Be7 10. Bxf6 Bxf6 11. c3 0-0 12. Nc2 Bg5 13. a4 bxa4 14. Rxa4 a5 15. Bc4 Rb8 16. b3 Kh8 17. 0-0 f5 18. exf5 Bxf5 19. Nce3 Bg6 20. h3 e4 21. Ng4 Qd7 22. Ra1 Bf7 23. Re1 Bg6 24. Qe2 Qd8 25. Bb5 Ne7 26. Nxe7 Qxe7 27. Bc4 Rf5 28. Ne3 Bxe3 29. Qxe3 d5 30. Bf1 Rxb3 31. Rxa5 h5 32. g4 hxg4 33. hxg4 Rf8 34. Rxd5 Qh4 35. Bg2 Rb2 1/2-1/2